Fables de La Fontaine : L'amour et la Folie - Statistiques

Statistiques générales
  • Ce quiz a été pris 24 fois
  • Le résultat moyen est 57 sur 208
Statistiques - réponses
% Correct
à
80%
A
80%
Ce
80%
ce
80%
Folie
80%
il
80%
la
80%
La
80%
ne
80%
n'est
80%
pas
80%
de
60%
du
60%
est
60%
et
60%
Et
60%
Je
60%
l'Amour
60%
le
60%
Le
60%
pour
60%
Que
60%
que
60%
son
60%
Son
60%
bien
40%
dans
40%
Elle
40%
en
40%
être
40%
Fut
40%
on
40%
qui
40%
Ses
40%
ses
40%
si
40%
Tout
40%
tout
40%
amant
20%
carquois
20%
C'est
20%
cette
20%
condamner
20%
cour
20%
des
20%
dieu
20%
Dieux
20%
donc
20%
enfance
20%
enfin
20%
eut
20%
faire
20%
Femme
20%
flèches
20%
furent
20%
guide
20%
ici
20%
jour
20%
Jupiter
20%
Les
20%
les
20%
lui
20%
ma
20%
mal
20%
Mon
20%
mystère
20%
Quand
20%
Quelle
20%
résultat
20%
sans
20%
servir
20%
suprême
20%
toute
20%
un
20%
Une
20%
yeux
20%
assemble
0%
assez
0%
aussi
0%
bande
0%
bâton
0%
but
0%
cas
0%
celui
0%
Celui-ci.
0%
cieux
0%
clarté
0%
Comment
0%
comment
0%
conseil
0%
considéré
0%
coup
0%
crime
0%
cris
0%
décide
0%
demande
0%
d'Enfer
0%
d'épuiser
0%
devait
0%
dire
0%
dis-je
0%
dispute
0%
dommage
0%
donne
0%
d'un
0%
encor
0%
ensemble
0%
étourdis
0%
expliquer
0%
fais
0%
fils
0%
flambeau
0%
furieux
0%
grande
0%
J'en
0%
jouaient
0%
juge
0%
juger
0%
Juges
0%
Là-dessus
0%
L'autre
0%
l'aveugle
0%
l'énormité
0%
L'intérêt
0%
l'ouvrage
0%
lumière
0%
manière
0%
mère
0%
Némésis
0%
n'était
0%
n'eut
0%
Nulle
0%
partie
0%
patience
0%
peine
0%
perd
0%
perdit
0%
peut-être
0%
point
0%
pouvait
0%
prétends
0%
privé
0%
public
0%
Qu'il
0%
qu'on
0%
réparé
0%
représenta
0%
rien
0%
science
0%
seulement
0%
suffit
0%
suite
0%
vengeance
0%
Vénus.
0%
veut
0%
vint
0%
voici
0%
Aucun quiz correspondant
Distribution des résultats
% des personnes avec chaque résultat
Percentile par nombre de réponses
Votre historique - résultats
Vous n’avez pas pris ce quiz